000 01006nam a2200289Ia 4500
003 OSt
005 20221007120936.0
006 a|||||r|||| 00| 0
007 ta
008 221006b |||||||| |||| 00| 0 eng d
020 _a8120415523 (hbd)
024 _a82904
037 _b893, 07/01/2009, Capital Book
_cTextbook
040 _aBDL
_cBDL
_beng
041 _2eng
_aeng
082 _aJ38:955, P2 Carb
100 _aDris Ramdane Ed.
_9710328
245 0 _aEnvironment and crop production
_b Jain Shri Mohan Ed. Khan Iqrar A Ed.
260 _aNew
_bDelhi Oxford and IBH Publishing Co.Pvt.Ltd.
_c2002
300 _axx, 341p.
_ccm.
500 _aIncludes bibliographical references.; Index 337-341p.
650 _aBotany
700 _a Jain Shri Mohan Ed.
_9428162
700 _a Khan Iqrar A Ed.
_9710329
942 _hJ38:955, P2 Carb
_cTB
_2CC
999 _c1208223
_d1208223